000 00387nam a2200109Ia 4500
008 160531s9999 xx 000 0 und d
100 _aKuře, Josef.
245 _aEuthanasia - The "Good Death" Controversy in Humans and Animals
245 _cEdited by Josef Kuře
260 _c2011
856 _uhttp://www.intechopen.com/books/euthanasia-the-good-death-controversy-in-humans-and-animals
999 _c295499
_d295499